000 00410nam a22001697a 4500
003 MPLRDC
005 20220104123546.0
008 210129b ||||| |||| 00| 0 eng d
082 _a434.11 XYAS
100 _a星野安伸讲; 安达充著
245 _a神奇的糙米酵素
_c
250 _a三版
260 _a
_b青春出版社
_c1990
300 _b
650 _a稻类
942 _cBK
_o434.11 XYAS
999 _c12369
_d12359